000 00378nam a2200145Ia 4500
008 240624s9999 xx 000 0 und d
041 _aeng
082 _a332.1 SUR
100 _aSURESH PADMALATHA
245 _aMANAGEMENT OF BANKING AND FINANCIAL SERV
250 _a(3rd ed.)
260 _c2015
_aNew Delhi
_bPearson
300 _axix, : 683 : p. : cm. ; 26
365 _cRS
_b33
999 _c24596
_d24596